Safe food for a healthy India (Record no. 530614)

000 -LEADER
fixed length control field 00692nam a22001457a 4500
008 - FIXED-LENGTH DATA ELEMENTS--GENERAL INFORMATION
fixed length control field 250625b ||||| |||| 00| 0 eng d
100 ## - MAIN ENTRY--PERSONAL NAME
Personal name Chand, Subhash
245 ## - TITLE STATEMENT
Title Safe food for a healthy India
260 ## - PUBLICATION, DISTRIBUTION, ETC. (IMPRINT)
Place of publication, distribution, etc Yojana
300 ## - PHYSICAL DESCRIPTION
Extent 69(6), Jun, 2025: p.32-35
520 ## - SUMMARY, ETC.
Summary, etc Food safety is no longer optional- it is essential for protecting public health, ensuring farmer livelihoods, and maintaining India's reputation in global markets. With coordination policy reform, technology adoption, and public education, India can build a resilient and trustworthy food system. - Reproduced
650 ## - SUBJECT ADDED ENTRY--TOPICAL TERM
Topical term or geographic name as entry element food safety, health, FSSAI, global market
9 (RLIN) 54788
942 ## - ADDED ENTRY ELEMENTS (KOHA)
Item type Articles
Holdings
Withdrawn status Lost status Source of classification or shelving scheme Damaged status Not for loan Permanent location Current location Date acquired Barcode Date last seen Koha item type
          Indian Institute of Public Administration Indian Institute of Public Administration 2025-06-25 AR136406 2025-06-25 Articles

Powered by Koha